000 00876nam a2200241 a 4500
999 _c11276
_d11276
001 11276
003 BD-JhCC
005 20191022134019.0
008 190621s 2011bg |||| ||a| 000 0 ben d
020 _a9847011700691
035 _a(BD-JhCC)11276
040 _aBD-JhCC
_dBD-JhCC
041 _aben
082 _bARM 2011
_a220.52043
100 _aআর্মস্ট্রং, ক্যারেন
245 _aবাইবেল সংক্ষিপ্ত ইতিহাস /
_cআর্মস্ট্রং, ক্যারেন, অনুবাদ: শওকত হোসেন ।
260 _aঢাকা:
_bরোদেলা প্রকাশনী;
_c২০১১.
300 _a২২৩ পৃ. :
_c২২ সেমি.
650 _aThe Holy Bible
700 _aহোসেন, শওকত
942 _2ddc
_cBK
_01